书目信息 |
| 题名: |
论车尔尼雪夫斯基
|
|
| 作者: | 向叙典 著 | |
| 分册: | ||
| 出版信息: |
|
|
| 页数: | 61页 | |
| 开本: | 19cm | |
| 丛书名: | ||
| 单 册: | ||
| 中图分类: | B512.4 | |
| 科图分类: | ||
| 主题词: | 哲学--欧洲 | |
| 电子资源: | ||
| ISBN: | ||
| 000 | 00432nam0 2200157 450 | |
| 001 | 0632459624 | |
| 005 | 20060920101654.93 | |
| 100 | @a20060919d km y0chiy0120 ea | |
| 101 | 0 | @achi |
| 200 | 1 | @a论车尔尼雪夫斯基@Alun che er ni xue fu si ji@f向叙典著@Fxiang xu dian zhu |
| 215 | @a61页@d19cm | |
| 606 | 0 | @a哲学@x欧洲 |
| 690 | @aB512.4@v3 | |
| 701 | 0 | @a向叙典@Axiang xu dian@4著 |
| 801 | 0 | @aCN@bPFT@c20060920 |
| 905 | @a10447@dB512.4@e22 | |
| 论车尔尼雪夫斯基/向叙典著 |
| 61页;19cm |
| ISBN : |
| ● |
| 相关链接 |
|
|
|
|
正题名:论车尔尼雪夫斯基
索取号:B512.4/22
 
预约/预借
| 序号 | 登录号 | 条形码 | 馆藏地/架位号 | 状态 | 备注 |
| 1 | 0472497 | 204724977 | 密集书库/ [索取号:B512.4/22] | 在馆 |